Encouraging the participation of youth in rural fin-coops in India (Record no. 528947)

000 -LEADER
fixed length control field 00567nam a22001337a 4500
008 - FIXED-LENGTH DATA ELEMENTS--GENERAL INFORMATION
fixed length control field 250204b ||||| |||| 00| 0 eng d
100 ## - MAIN ENTRY--PERSONAL NAME
Personal name Gupta, Krishna Kumar
245 ## - TITLE STATEMENT
Title Encouraging the participation of youth in rural fin-coops in India
260 ## - PUBLICATION, DISTRIBUTION, ETC. (IMPRINT)
Place of publication, distribution, etc The Cooperator
300 ## - PHYSICAL DESCRIPTION
Extent 62(4), Oct, 2024: p.9-13
520 ## - SUMMARY, ETC.
Summary, etc The cooperative instructions are about 120 year India with the first of these institutions having been brought into existence under cooperative credit societies act, 1904. – Reproduced
773 ## - HOST ITEM ENTRY
Main entry heading The Cooperator
942 ## - ADDED ENTRY ELEMENTS (KOHA)
Item type Articles
Holdings
Withdrawn status Lost status Source of classification or shelving scheme Damaged status Not for loan Permanent location Current location Date acquired Serial Enumeration / chronology Barcode Date last seen Koha item type
          Indian Institute of Public Administration Indian Institute of Public Administration 2025-02-04 62(4), Oct, 2024: p.9-13 AR135142 2025-02-04 Articles

Powered by Koha